=LDR 00000nam 2200000 4500 =001 INLIS000000000014415 =005 20130612105708 =008 ***********************************Ind** =035 ##$$0010-061300000014415 =041 ##$$a Ind =082 ##$$a 384 =090 ##$$a 384, Sup e =100 ##$$a Supriadi, Dedi =245 ##$$a Era baru bisnis telekomunikasi, Dedi Supriadi =260 ##$$a 1996 $b Jakarta =300 ##$$a xviii, 294 hlm, Il, 24 cm =650 ##$$a Telekomunikasi =850 ##$$a NBPNMAT =990 ##$$a 13421342 =990 ##$$a 01201901342 =990 ##$$a 30501297 =990 ##$$a 30501298 =990 ##$$a 30501299 =990 ##$$a 30501300 =990 ##$$a DW0001016